A nyugdíjrendszer fenntarthatósága és a nyugdíjak elégségessége (nemzetközi elemzések tükrében)

Bibliográfiai részletek
Szerző: Vozár Norbert Dániel
További közreműködők: Gárdos Dr. Csaba
Fehérné Vadászi Klaudia
Dokumentumtípus: Diplomadolgozat
Kulcsszavak:nyugdíjrendszer
fenntarthatóság
elégségesség
Online Access:http://dolgozattar.uni-bge.hu/22095

MARC

LEADER 00000nta a2200000 i 4500
001 dolg22095
005 20190515174954.0
008 190515suuuu hu om 000 hun d
040 |a BGE Dolgozattár Repozitórium  |b hun 
041 |a hu 
100 1 |a Vozár Norbert Dániel 
245 1 2 |a A nyugdíjrendszer fenntarthatósága és a nyugdíjak elégségessége (nemzetközi elemzések tükrében)  |c Vozár Norbert Dániel  |h [elektronikus dokumentum] 
695 |a nyugdíjrendszer 
695 |a fenntarthatóság 
695 |a elégségesség 
700 1 |a Gárdos Dr. Csaba  |e ths 
700 1 |a Fehérné Vadászi Klaudia  |e ths 
856 4 0 |u http://dolgozattar.uni-bge.hu/22095/1/Vozar_Norbert-Szakdolgozat-2019.pdf  |z Dokumentum-elérés